Länder in Eurasien - Statistiken

Allgemein
  • Dieses Quiz wurde 252 mal gespielt
  • Das Durchschnittsergebnis liegt bei 12 aus 15
Answers on the Grid
Answers color-coded by a green-red scale on the quiz's grid according to % correct below.
Gambia
Deutschland
Tuvalu
Bhutan
Burundi
Pakistan
Brasilien
Osttimor
Kanada
Irland
Algerien
Serbien
Madagaskar
Japan
Nicaragua
Kirgistan
Seychellen
Türkei
Ägypten
Syrien
Panama
Afghanistan
Sambia
Russland
Peru
Rumänien
Senegal
Italien
Kuba
Malediven
 
Antwortstatistiken
Antwort % Korrekt
Russland
90%
Türkei
90%
Afghanistan
85%
Rumänien
85%
Pakistan
83%
Serbien
83%
Kirgistan
82%
Deutschland
81%
Irland
81%
Syrien
81%
Italien
80%
Bhutan
76%
Japan
74%
Osttimor
67%
Malediven
65%
Keine übereinstimmenden Quizze gefunden
Verteilung der Resultate
Anzahl Personen mit jedem Resultat
Perzentil nach korrekt beantworteten Fragen
Ihre Resultats-Entwicklung
Sie haben dieses Quiz noch nicht gespielt